01275 2200397 4500001002100000005001500021035002000036007000300056008004100059020002200100040002200122082001200144084001400156090001800170090002200188100002900210245013100239250003400370300002500404500001100429500006600440500004300506650002200549650002300571700003600594700002700630700003200657850001200689041001300701504003400714264003300748336002100781337003000802338002300832990002200855INLIS00000000084614820190418101940 a0010-0419001007ta190418s2018 yoi g 1 cind d a978-602-7696-56-3 aYOPDYOGbinderda04223a922 a922 PAL s aDEP 922 PAL s aCB-D.11 2018-16650 aPals, Daniel L.epenulis10aSeven theories of religion /cpenulis, Daniel L. Pals; penerjemah, Inyiak Ridwan Muzir, M. Syukri; editor, Bernando J. Sujibto aCetakan pertama, Agustus 2018 a491 halaman ;c24 cm aIndeks aTeks dalam bahasa Indonesia diterjemahkan dari bahasa Inggris aJudul asli: Seven theories of religion 4aAgama--vBiografi 4aFilsafat dan agama0 aInyiak Ridwan Muzirepenerjemah1 aSyukri, M.epenerjemah0 aBernando J. Sujibtoeeditor aYOPDYOG1 aindheng aBibliografi : halaman 481-48431aYogyakarta :bIRCiSoD,c2018 2rdacontentateks 2rdamediaatanpa perantara 2rdacarrieravolume aCB-D.11/2018-1665